Emlékezzünk a Hősökre! I. világháborús emlékműállítás Gyoma és Endrőd településeken [absztrakt] /

Elmentve itt :
Bibliográfiai részletek
Szerző: Dávid Benjámin
Testületi szerző: II. Móra Interdiszciplináris Kárpát-medencei Szakkollégiumi Konferencia
Dokumentumtípus: Könyv része
Megjelent: 2018
Sorozat:Móra Kárpát-medencei Interdiszciplináris Szakkollégiumi Konferencia 2
Kulcsszavak:Emlékmű - Magyarország - világháború - 1. - regionális - előadáskivonat, Gyoma története - előadáskivonat, Endrőd története - előadáskivonat
Tárgyszavak:
Online Access:http://acta.bibl.u-szeged.hu/82951
LEADER 01059naa a2200205 i 4500
001 acta82951
005 20240111080532.0
008 240111s2018 hu o 1|| hun d
040 |a SZTE Egyetemi Kiadványok Repozitórium  |b hun 
041 |a hun 
100 1 |a Dávid Benjámin 
245 1 0 |a Emlékezzünk a Hősökre! I. világháborús emlékműállítás Gyoma és Endrőd településeken   |h [elektronikus dokumentum] :  |b [absztrakt] /  |c  Dávid Benjámin 
260 |c 2018 
300 |a 43-44 
490 0 |a Móra Kárpát-medencei Interdiszciplináris Szakkollégiumi Konferencia  |v 2 
650 4 |a Bölcsészettudományok 
650 4 |a Történettudomány és régészet 
695 |a Emlékmű - Magyarország - világháború - 1. - regionális - előadáskivonat, Gyoma története - előadáskivonat, Endrőd története - előadáskivonat 
711 |a II. Móra Interdiszciplináris Kárpát-medencei Szakkollégiumi Konferencia  |c Szeged  |d 2018. november 30.-december 2. 
856 4 0 |u http://acta.bibl.u-szeged.hu/82951/1/morakonf_2018_043-044.pdf  |z Dokumentum-elérés